Catálogo

AMADIS DE GAULA (Registro nro. 57527)

Detalles MARC
000 -LEADER
fixed length control field 00580nam a2200205 a 4500
001 - CONTROL NUMBER
control field 57527
005 - DATE AND TIME OF LATEST TRANSACTION
control field 20180714053743.0
008 - FIXED-LENGTH DATA ELEMENTS--GENERAL INFORMATION
fixed length control field 140415s2009 mx 000 0 spa d
020 ## - INTERNATIONAL STANDARD BOOK NUMBER
International Standard Book Number 9700753026
041 ## - LANGUAGE CODE
Language code of text/sound track or separate title spa
082 ## - DEWEY DECIMAL CLASSIFICATION NUMBER
Classification number 863
Item number SOU
245 00 - TITLE STATEMENT
Title AMADIS DE GAULA
250 ## - EDITION STATEMENT
Edition statement 9a ed.
260 ## - PUBLICATION, DISTRIBUTION, ETC.
Place of publication, distribution, etc. MEXICO :
Name of publisher, distributor, etc. PORRUA,
Date of publication, distribution, etc. 2009
300 ## - PHYSICAL DESCRIPTION
Extent 260
Dimensions 13.7 x 2.1 x 21.8
490 ## - SERIES STATEMENT
Series statement COLECCION FONTAMARA
500 ## - GENERAL NOTE
General note SOUTO, ARTURO; INTODUCCION
650 14 - SUBJECT ADDED ENTRY--TOPICAL TERM
Topical term or geographic name entry element LITERATURA ESPAOLA_SIGLO XV
General subdivision LITERATURA MEDIEVAL
-- NOVELA ESPAOLA
700 1# - ADDED ENTRY--PERSONAL NAME
Personal name SOUTO, ARTURO
Relator term coaut.
Existencias
Withdrawn status Lost status Source of classification or shelving scheme Damaged status Not for loan Collection code Home library Current library Shelving location Date acquired Source of acquisition Inventory number Total Checkouts Full call number Barcode Date last seen Price effective from Koha item type
    Dewey Decimal Classification     General Biblioteca Karol Wojtyla Biblioteca Karol Wojtyla Sala general 03/12/2013 Compra 151000000000000000035435   863 SOU 86986 05/01/2026 03/12/2013 Libro